| 000 | 01064aam a2200325 i 4500 | ||
|---|---|---|---|
| 001 | 768714001 | ||
| 003 | CO-MdFUSB | ||
| 005 | 20230131104711.0 | ||
| 007 | ta | ||
| 008 | 230131t2003 -usaco|| |||| 00| 0 eng d | ||
| 020 | _a1903689104 | ||
| 040 |
_bspa. _aCO-MdFUSB _cCO-MdFUSB _dCO-MdFUSBC _erda |
||
| 041 | _aeng | ||
| 082 | 0 | 4 |
_a700 _223 _bR7774 |
| 245 | 1 | 0 |
_aModern art and the death of a culture _c/ editado Marleen Hengelaar-Rookmaaker |
| 264 | 1 |
_aCarlisle, United Kingdom : _bPiquant, _c[2003] |
|
| 264 | 4 | _c© 2003 | |
| 300 |
_a516 Páginas _c; 24 cm |
||
| 336 |
_2rdacontent _atexto _btxt |
||
| 337 |
_2rdamedia _asin mediación _bn |
||
| 338 |
_2rdacarrier _avolumen _bnc |
||
| 490 | _aThe complete works of Hans R. Rookmaaker | ||
| 505 | _aEl arte moderno y la muerte de una cultura. -- El arte y el público hoy. -- Artículos y revistas sobre el arte del Siglo XX. | ||
| 563 | _aPasta dura | ||
| 650 | 1 | 4 | _aARTE |
| 700 |
_95610 _aHengelaar-Rookmaaker, Marleen _eeditor |
||
| 942 | _cBK | ||
| 945 | _aJTF-925 | ||
| 999 |
_c31922 _d31922 |
||